[Event "Ten"]
[Site "http://www.queenalice.com/game.php?id=622059"]
[Date "2009.7.21"]
[Round "-"]
[White "chuckvondra"]
[Black "rexempire"]
[Result "0-1"]
[WhiteElo "2027"]
[BlackElo "2000"]

1. e4 e5 2. Nf3 Nc6 3. Bb5 a6 4. Ba4 Nf6 5. O-O Be7 6. Re1 b5 7. Bb3 d6 8. h3
O-O 9. c3 Na5 10. Bc2 c5 11. d4 Qc7 12. b3 cxd4 13. cxd4 Nc6 14. Bb2 Nb4 15. Bd3
Bb7 16. Nc3 Nxd3 17. Qxd3 Rfe8 18. Rac1 Qb6 19. Nd5 Bxd5 20. exd5 e4 21. Qe3
exf3 22. Qxf3 Bf8 23. Rxe8 Rxe8 24. Rc6 Qa5 25. a3 Qe1+ 26. Kh2 Re2 27. Bc3 Qf1
28. Bb4 Rxf2 29. Qg3 Ne4 30. Qg4 f5 0-1

[Event "Let's Play Chess!"]
[Site "http://www.queenalice.com/game.php?id=634890"]
[Date "2009.8.12"]
[Round "-"]
[White "rexempire"]
[Black "Conde7"]
[Result "1-0"]
[WhiteElo "2047"]
[BlackElo "2565"]

1. d4 Nf6 2. c4 e6 3. Nf3 d5 4. Nc3 Be7 5. Bg5 O-O 6. e3 Nbd7 7. Rc1 c6 8. Bd3
dxc4 9. Bxc4 Nd5 10. Bxe7 Qxe7 11. Ne4 N5f6 12. Nxf6+ Qxf6 13. O-O c5 14. dxc5
Nxc5 15. b4 Nd7 16. Bb3 Nb6 17. Rc7 Rd8 18. Qc1 Rb8 19. Rd1 Nd5 20. Bxd5 exd5
21. Qa1 Qb6 22. Qe5 Be6 23. Nd4 Qxb4 24. Nxe6 Qg4 25. Qxg7+ Qxg7 26. Nxg7 Kxg7
27. g3 Rd6 28. Kf1 Kg6 29. Rd4 h5 30. Kg2 f6 31. e4 Rbd8 32. Rxb7 dxe4 33. Rxe4
Ra6 34. a4 Rd2 35. Rb5 Ra2 36. Rh4 R2xa4 37. Rhxh5 Re6 38. h4 a6 39. Ra5 Ree4
40. Rhf5 Reb4 41. f3 Rxa5 42. Rxa5 Rb2+ 43. Kh3 Rb3 44. f4 Rb6 45. h5+ 1-0

[Event "Let's Play Chess!"]
[Site "http://www.queenalice.com/game.php?id=648287"]
[Date "2009.9.7"]
[Round "-"]
[White "m"]
[Black "rexempire"]
[Result "0-1"]
[WhiteElo "1988"]
[BlackElo "2047"]

1. d4 d5 2. c4 c6 3. Nf3 Nf6 4. e3 e6 5. Bd3 dxc4 6. Bxc4 c5 7. O-O a6 8. a4 Nc6
9. Nc3 Be7 10. dxc5 O-O 11. Qxd8 Rxd8 12. Rd1 Rxd1+ 13. Nxd1 Bxc5 14. Bd2 b6 15.
Rb1 Nb4 16. b3 Bb7 17. Nb2 Ne4 18. Rd1 Rc8 19. Nd3 Nxd3 20. Bxd3 Nxd2 21. Nxd2
Rd8 22. Be2 Kf8 23. Nf3 Rxd1+ 24. Bxd1 Bd5 25. Kf1 Ke7 26. g3 Kd6 27. Ke2 e5 28.
Nd2 e4 29. Nc4+ Ke6 30. h3 f5 31. Kd2 b5 32. axb5 axb5 33. Nb2 Bb4+ 34. Ke2 Ba3
0-1

[Event "Let's Play Chess!"]
[Site "http://www.queenalice.com/game.php?id=661706"]
[Date "2009.10.2"]
[Round "-"]
[White "rexempire"]
[Black "PunditJi"]
[Result "1-0"]
[WhiteElo "2078"]
[BlackElo "2202"]

1. d4 Nf6 2. c4 c5 3. d5 e5 4. Nc3 d6 5. e4 Be7 6. Nf3 Bg4 7. Be2 O-O 8. O-O Na6
9. Ne1 Bd7 10. f4 Qc7 11. fxe5 dxe5 12. Bg5 Qd6 13. Be3 Qc7 14. Rc1 Rfd8 15. Nf3
Ng4 16. Bd2 Qb8 17. Qe1 Qd6 18. Qg3 Qb6 19. h3 Nf6 20. Nxe5 Re8 21. Nd3 Red8 22.
e5 Ne8 23. d6 Bf8 24. Nd5 Qc6 25. Rxf7 Kxf7 26. Rf1+ Bf5 27. Rxf5+ Kg8 28. Rxf8+
Kxf8 29. Qf4+ Nf6 30. exf6 Qxd6 31. fxg7+ Kxg7 32. Bc3+ Kg8 33. Qg5+ 1-0

[Event "Let's Play Chess!"]
[Site "http://www.queenalice.com/game.php?id=664343"]
[Date "2009.10.8"]
[Round "-"]
[White "Gambitshark"]
[Black "rexempire"]
[Result "0-1"]
[WhiteElo "2810"]
[BlackElo "2122"]

1. c4 e5 2. Nc3 Nf6 3. d3 d5 4. cxd5 Nxd5 5. Nf3 Nc6 6. g3 Be7 7. Bg2 Nb6 8. O-O
O-O 9. a3 Be6 10. Qc2 f5 11. Re1 a6 12. b4 Qd7 13. Bb2 Bf6 14. e3 Rfd8 15. Rad1
Qf7 16. Nd2 Rd6 17. Ne2 Rad8 18. Nc1 Be7 19. Ndb3 Bd5 20. Nc5 Bxg2 21. Kxg2 Rb8
22. Ne2 Rh6 23. d4 e4 24. Rc1 Bd6 25. h4 Ne7 26. Rh1 Ned5 27. Kf1 c6 28. Qb3 Nc8
29. a4 Ra8 30. a5 Na7 31. Kg1 Nb5 32. Re1 Kh8 33. Rh2 Rg8 34. Qc4 g5 35. hxg5
Rxh2 36. Kxh2 Rxg5 37. Rh1 Qh5+ 38. Kg1 Qf3 39. Rh3 f4 0-1

[Event "Let's Play Chess!"]
[Site "http://www.queenalice.com/game.php?id=683536"]
[Date "2009.11.16"]
[Round "-"]
[White "rexempire"]
[Black "miah14"]
[Result "1-0"]
[WhiteElo "2122"]
[BlackElo "2108"]

1. d4 Nf6 2. c4 c5 3. d5 d6 4. Nc3 g6 5. e4 Bg7 6. Bd3 a6 7. Nf3 O-O 8. Qc2 e5
9. h3 Nbd7 10. O-O b6 11. Be3 h6 12. Qd2 Kh7 13. a3 Ng8 14. Rab1 Nb8 15. b4 f5
16. bxc5 bxc5 17. exf5 Bxf5 18. Ne4 Qc7 19. Nh4 Nd7 20. g4 Bxe4 21. Bxe4 Ne7 22.
Qc2 Nf6 23. Bxg6+ Kg8 24. Bf5 Nxf5 25. Nxf5 1-0

[Event "Let's Play Chess!"]
[Site "http://www.queenalice.com/game.php?id=692381"]
[Date "2009.12.3"]
[Round "-"]
[White "wiking"]
[Black "rexempire"]
[Result "0-1"]
[WhiteElo "1969"]
[BlackElo "2150"]

1. b4 e5 2. Bb2 Bxb4 3. Bxe5 Nf6 4. c4 Nc6 5. Bb2 O-O 6. e3 d5 7. cxd5 Nxd5 8.
Nf3 Bf5 9. Be2 Re8 10. O-O a6 11. Nc3 h6 12. Qb3 Nb6 13. d3 Bd6 14. Ne4 Bxe4 15.
dxe4 Rxe4 16. a3 Ra4 17. g3 Rb8 18. Rfd1 Na5 19. Qc3 Qf8 20. Rd4 Nc6 21. Rdd1
Ra5 22. Qc2 Bxa3 23. Bc3 Rd5 24. Nd4 Nxd4 25. Rxd4 Bd6 26. Rg4 Rg5 27. Rxg5 hxg5
28. Rd1 Qe7 29. Rd4 Qe6 30. Bd3 Be7 31. Bh7+ Kf8 32. Re4 Qh6 33. Bxg7+ Qxg7 34.
Qxc7 Re8 35. Rxe7 Qa1+ 36. Kg2 Rxe7 37. Qd8+ Re8 38. Qxb6 Kg7 39. Qxb7 Rd8 40.
Bf5 Rd2 41. Qf3 a5 42. Qg4 Qf6 43. e4 Kf8 44. Qf3 Qd6 45. Bg4 a4 46. Bh5 f6 47.
Bg6 Qb6 0-1

[Event "Let's Play Chess!"]
[Site "http://www.queenalice.com/game.php?id=695829"]
[Date "2009.12.10"]
[Round "-"]
[White "rexempire"]
[Black "ArmandoAzevedo"]
[Result "1-0"]
[WhiteElo "2163"]
[BlackElo "2422"]

1. e4 c5 2. Nf3 Nc6 3. d4 cxd4 4. Nxd4 e5 5. Nb5 d6 6. N1c3 a6 7. Na3 Nf6 8. Bg5
Be6 9. Nc4 Rc8 10. Nd5 Bxd5 11. Bxf6 gxf6 12. Qxd5 Nb4 13. Qd2 d5 14. exd5 Nxc2+
15. Qxc2 Bb4+ 16. Kd1 Qxd5+ 17. Kc1 O-O 18. Kb1 Rfd8 19. a4 Bf8 20. a5 Qd1+ 21.
Qxd1 Rxd1+ 22. Ka2 Rxf1 23. Rhxf1 Rxc4 24. Rfc1 Ra4+ 25. Kb1 Rg4 26. g3 Rb4 27.
Ra3 e4 28. Rc7 Bd6 29. Rcc3 Rb5 30. Rab3 Rxa5 31. Rxb7 Rh5 32. Rc2 Kg7 33. Rb6
Bf8 34. Rc4 Rxh2 35. Rxe4 f5 36. Rf4 Bc5 37. Rxa6 Rxf2 38. Rxf2 Bxf2 39. Ra3 Be1
40. Kc2 Kf6 41. Kd1 Bb4 42. Ke2 1-0

[Event "Let's Play Chess!"]
[Site "http://www.queenalice.com/game.php?id=707566"]
[Date "2010.1.3"]
[Round "-"]
[White "rexempire"]
[Black "dnptrs"]
[Result "1-0"]
[WhiteElo "2199"]
[BlackElo "2078"]

1. e4 c5 2. Nf3 e6 3. d4 cxd4 4. Nxd4 a6 5. Bd3 d6 6. O-O Nc6 7. Nxc6 bxc6 8.
Nd2 Qb6 9. Nc4 Qb8 10. Be3 c5 11. b4 Nf6 12. bxc5 dxc5 13. e5 Nd7 14. Be4 Ra7
15. Rb1 Qc7 16. Bg5 f5 17. Bxf5 exf5 18. Re1 Be7 19. Qh5+ g6 20. Qh6 1-0

[Event "Let's Play Chess!"]
[Site "http://www.queenalice.com/game.php?id=710410"]
[Date "2010.1.8"]
[Round "-"]
[White "ArmandoAzevedo"]
[Black "rexempire"]
[Result "0-1"]
[WhiteElo "2469"]
[BlackElo "2214"]

1. e4 e5 2. Nf3 Nc6 3. d4 exd4 4. Nxd4 Nf6 5. Nxc6 bxc6 6. e5 Qe7 7. Qe2 Nd5 8.
Nd2 g6 9. c4 Nf4 10. Qe3 Bh6 11. Qc3 Bg7 12. Nf3 Ne6 13. Be3 d6 14. g3 O-O 15.
Bg2 c5 16. O-O Bb7 17. Rae1 Rfe8 18. b3 a5 19. Bd2 dxe5 20. Nxe5 Bxg2 21. Kxg2
Qd6 22. f4 Nd4 23. Qd3 a4 24. Nf3 Rxe1 25. Bxe1 axb3 26. axb3 Ra3 27. Nxd4 Bxd4
28. Bf2 Qc6+ 29. Kg1 Ra2 30. f5 g5 31. b4 Rxf2 32. Rxf2 Qd6 0-1

[Event "Let's Play Chess!"]
[Site "http://www.queenalice.com/game.php?id=719176"]
[Date "2010.1.25"]
[Round "-"]
[White "ArmandoAzevedo"]
[Black "rexempire"]
[Result "1/2-1/2"]
[WhiteElo "2543"]
[BlackElo "2247"]

1. e4 c5 2. Nc3 Nc6 3. Nf3 g6 4. Bb5 Bg7 5. O-O Nd4 6. Ba4 Qa5 7. Rb1 Nf6 8. e5
Ne4 9. Bb3 Nxb3 10. axb3 Nxc3 11. dxc3 Qb5 12. Re1 h6 13. c4 Qc6 14. Qd3 b6 15.
Bf4 Bb7 16. Rbd1 g5 17. Bg3 O-O-O 18. h3 h5 19. Qf5 g4 20. hxg4 hxg4 21. Qxg4
Qh6 22. Nh2 Qh7 23. b4 cxb4 24. c5 bxc5 25. Qc4 Qg6 26. Ng4 d6 27. f3 Rd7 28. c3
bxc3 29. bxc3 Rg8 30. Qa2 Bxe5 31. Bxe5 f5 32. Nh2 dxe5 33. Rxd7 Kxd7 34. Rxe5
Rg7 35. Rxc5 Qb6 1/2-1/2

[Event "Let's Play Chess!"]
[Site "http://www.queenalice.com/game.php?id=1046129"]
[Date "2012.4.5"]
[Round "-"]
[White "fortunato"]
[Black "rexempire"]
[Result "0-1"]
[WhiteElo "2241"]
[BlackElo "2282"]

1. e4 e5 2. Nf3 Nc6 3. Bc4 Bc5 4. O-O Nf6 5. c3 Nxe4 6. b4 Bxf2+ 7. Rxf2 Nxf2 8.
Kxf2 e4 9. Ne1 d5 10. Bb5 Qh4+ 11. Kg1 Bg4 12. Be2 f5 13. b5 Ne5 14. d4 exd3 15.
Bf3 O-O-O 16. Nxd3 Bxf3 17. gxf3 Rhe8 18. Nf2 Rd6 19. Be3 Rg6+ 20. Kh1 f4 21.
Bxf4 Qxf2 22. Bg3 Rxg3 23. hxg3 Nxf3 0-1

[Event "Let's Play Chess!"]
[Site "http://www.queenalice.com/game.php?id=1068872"]
[Date "2012.6.7"]
[Round "-"]
[White "rexempire"]
[Black "HelderNanques"]
[Result "1-0"]
[WhiteElo "2304"]
[BlackElo "2183"]

1. d4 e6 2. c4 f5 3. g3 Nf6 4. Bg2 Bb4+ 5. Nc3 O-O 6. Nf3 Ne4 7. Qd3 d6 8. O-O
Bxc3 9. bxc3 Nd7 10. Nd2 Ndf6 11. Nxe4 fxe4 12. Bxe4 Nxe4 13. Qxe4 Rb8 14. a4 a5
15. c5 Bd7 16. cxd6 cxd6 17. Bf4 Qe7 18. c4 Rfe8 19. c5 d5 20. Qb1 Rbc8 21. Qxb7
1-0

[Event "Let's Play Chess!"]
[Site "http://www.queenalice.com/game.php?id=1068878"]
[Date "2012.6.7"]
[Round "-"]
[White "HelderNanques"]
[Black "rexempire"]
[Result "0-1"]
[WhiteElo "2181"]
[BlackElo "2312"]

1. Nf3 Nf6 2. g3 d5 3. Bg2 c6 4. d4 Bf5 5. c3 e6 6. O-O h6 7. Re1 Be7 8. Nfd2
Bg6 9. Qb3 Qb6 10. Qxb6 axb6 11. a3 Nbd7 12. e4 O-O 13. e5 Ne8 14. f4 b5 15. Nf3
Nb6 16. Be3 Nc4 17. Re2 Bd3 18. Rd2 Bxb1 19. Rxb1 Nxe3 20. Kf2 Nxg2 21. Kxg2 Nc7
22. g4 f5 23. g5 hxg5 24. fxg5 Kf7 25. h4 g6 26. Kg3 Rh8 27. Rh2 c5 28. Kf4 Ne8
29. Ke3 Ng7 30. Rc1 Ra4 31. Rcc2 Nh5 32. Kd3 Ng3 33. Rcg2 c4+ 34. Ke3 Nf1+ 0-1

[Event "Let's Play Chess!"]
[Site "http://www.queenalice.com/game.php?id=1081422"]
[Date "2012.7.11"]
[Round "-"]
[White "rexempire"]
[Black "charles31"]
[Result "1-0"]
[WhiteElo "2320"]
[BlackElo "1839"]

1. d4 d5 2. c4 dxc4 3. Nf3 b5 4. a4 c6 5. e3 Bg4 6. axb5 cxb5 7. b3 cxb3 8.
Bxb5+ Nd7 9. Nbd2 e6 10. Qxb3 Bd6 11. Nc4 Be7 12. Nfe5 Nf6 13. Nxd7 Nxd7 14. Ne5
O-O 15. Nxd7 Rb8 16. Nxb8 Qxb8 17. Ba3 Bxa3 18. Rxa3 Rc8 19. O-O Rc7 20. Ba6 Qc8
21. Bxc8 1-0

[Event "Let's Play Chess!"]
[Site "http://www.queenalice.com/game.php?id=1224055"]
[Date "2013.10.12"]
[Round "-"]
[White "Aspayne"]
[Black "rexempire"]
[Result "0-1"]
[WhiteElo "1977"]
[BlackElo "2321"]

1. e4 c5 2. Nc3 Nc6 3. Nf3 Nf6 4. g3 d6 5. Bg2 e6 6. O-O Be7 7. d3 O-O 8. h3 Rb8
9. Be3 b6 10. Qd2 Bb7 11. Nh2 Qd7 12. f4 d5 13. exd5 exd5 14. Bf2 d4 15. Ne4 Nd5
16. Nf3 f5 0-1

[Event "Let's Play Chess!"]
[Site "http://www.queenalice.com/game.php?id=1226195"]
[Date "2013.10.22"]
[Round "-"]
[White "rexempire"]
[Black "Fermats"]
[Result "1-0"]
[WhiteElo "2323"]
[BlackElo "2541"]

1. e4 c5 2. Nf3 Nc6 3. d4 cxd4 4. Nxd4 e5 5. Nb5 d6 6. N1c3 a6 7. Na3 b5 8. Nd5
Nf6 9. Bg5 Be7 10. Bxf6 Bxf6 11. c3 Rb8 12. Nc2 Bg5 13. a4 bxa4 14. Ncb4 Bd7 15.
Bxa6 Nxb4 16. Nxb4 O-O 17. O-O Qf6 18. Qh5 h6 19. Bd3 Qf4 20. Qd1 Bd8 21. Bc2
Bb5 22. g3 Qg5 23. Re1 Bb6 24. Bxa4 Bxa4 25. Rxa4 f5 26. Nd5 Bxf2+ 27. Kxf2 f4
28. Ke2 Rxb2+ 29. Kd3 Rxh2 30. gxf4 exf4 31. Rg1 Rh3+ 32. Kc2 Rg3 33. Rf1 f3 34.
Kb3 h5 35. Qd3 h4 36. e5 dxe5 37. Qc4 Kh7 38. Qb4 Re8 39. Qe4+ g6 40. Qxh4+ Qxh4
41. Rxh4+ Kg7 42. Rfh1 Rb8+ 43. Kc4 Kf7 44. Ra1 Rf8 45. Rh7+ Ke6 46. Ne3 Kf6 47.
Kd3 Kg5 48. Re7 Kf6 49. Rb7 Kg5 50. Rb5 Kf6 51. Rf1 Rh8 52. Rb6+ Kg7 53. Re6 Rh5
54. Rb1 Kf7 55. Ra6 1-0